000 00361nam a2200121Ia 4500
008 200619s9999 xx 000 0 und d
100 _aNimgade, Namdeo
245 0 _aIn the Tiger’s Shadow? The Autobiography of an Ambedkarite
264 _aNew Delhi
_bNavayana
_c2010
300 _a289
942 _cIR
999 _c120479
_d120479